| 000 | 00535cam a2200217ua 4500 | ||
|---|---|---|---|
| 005 | 20250214060915.0 | ||
| 008 | 131005n ii |||gr||||Z||||||asm | ||
| 040 | _cMAIN | ||
| 041 | _dasm | ||
| 082 |
_a954.162 _bGAI |
||
| 100 | _aGait, Edward | ||
| 245 |
_aAsom buranji/ _cBy Sir Edward Gait |
||
| 250 | _a2nd ed. | ||
| 260 |
_aGuwahati: _bLawyers Book Stall, _c1991. |
||
| 300 | _a329p. | ||
| 650 | _aHistory of Assam | ||
| 653 | _aHistory | ||
| 653 | _aAsom Buranji | ||
| 700 |
_aBegum, Chenehi _eTranslator |
||
| 942 |
_cBK _2ddc |
||
| 999 |
_c4753 _d4753 |
||